000 00734nam a22002417a 4500
003 UA-OsUOA
001 83990
007 ta
008 20120515b un ||||| |||| 00| 0 ukr d
100 _aЧаплинський К.О.
090 _a343.98
_bЧ-19
942 _cBK
040 _aUA-OsUOA
_bukr
_cUA-OsUOA
_dUA-OsUOA
245 _aТактичне забезпечення проведення слідчих дій
_bмонографія
300 _a496 с.
955 _a2
041 _aukr
080 _a343.98
020 _a978-966-383-334-7
260 _aДніпропетровськ
_bЛіра ЛТД
_c2011
650 7 _a343 Кримінальне право. Карні порушення
_2UDC
999 _c370299
_d370299